| 000 | 00601nam a22001817a 4500 | ||
|---|---|---|---|
| 999 |
_c193419 _d193419 |
||
| 005 | 20221028122925.0 | ||
| 010 | _aENG-135577 | ||
| 020 |
_c340.00 _a9788190835237 |
||
| 035 | _aEN-119109 | ||
| 037 | _bDBAD/PUB | ||
| 082 | _a796 | ||
| 245 |
_aDynamic facets of physical education and sports studies/ _cedited by d. shunmuganathan |
||
| 260 |
_c2009 _bcoordinator publication division _atamilnadu |
||
| 270 |
_amanonmaniam sundaranar university tirunelveli _btamilnadu _e627012 |
||
| 300 |
_a238p. _c27cm(pbk) |
||
| 700 |
_ashunmuganathan .d _eeditor |
||
| 942 |
_2ddc _cEN _mDYN _h796 |
||